What a great idea! : (Record no. 6191)

MARC details
000 -LEADER
fixed length control field 01092nam a22002657a 4500
001 - CONTROL NUMBER
control field 6191
003 - CONTROL NUMBER IDENTIFIER
control field FISKH
005 - DATE AND TIME OF LATEST TRANSACTION
control field 20250326123233.0
008 - FIXED-LENGTH DATA ELEMENTS--GENERAL INFORMATION
fixed length control field 250326b cb ||||| |||| 00| 0 eng d
020 ## - INTERNATIONAL STANDARD BOOK NUMBER
International Standard Book Number 9780439609654
040 ## - CATALOGING SOURCE
Original cataloging agency FISKH
Language of cataloging eng
Transcribing agency FISKH
Modifying agency FISKH
050 ## - LIBRARY OF CONGRESS CALL NUMBER
Classification number T15 .T695
082 ## - DEWEY DECIMAL CLASSIFICATION NUMBER
Classification number 609
100 ## - MAIN ENTRY--PERSONAL NAME
Personal name Tomecek, Stephen M.
245 ## - TITLE STATEMENT
Title What a great idea! :
Remainder of title Inventions that changed the world /
Statement of responsibility, etc. By Stephen M. Tomecek : Illustrated by Dan Stuckenschnelder
250 ## - EDITION STATEMENT
Edition statement First Scholastic paperback printing, September 2003
260 ## - PUBLICATION, DISTRIBUTION, ETC.
Place of publication, distribution, etc. New York :
Name of publisher, distributor, etc. Scholastic ;
Date of publication, distribution, etc. 2003.
300 ## - PHYSICAL DESCRIPTION
Extent 112 pages :
Other physical details color illustrations ;
Dimensions 26 cm .
520 ## - SUMMARY, ETC.
Summary, etc. Profiles forty-five historic and prehistoric inventions, explaining how they work and describing their origins and impact. Includes such developments as the hand ax, the axle, writing, money, the clock, anesthesia, and the nuclear reactor.
650 ## - SUBJECT ADDED ENTRY--TOPICAL TERM
Topical term or geographic name entry element Renaissance history
Form subdivision Non-fiction
650 ## - SUBJECT ADDED ENTRY--TOPICAL TERM
Topical term or geographic name entry element Medieval history
Form subdivision Non-fiction
700 ## - ADDED ENTRY--PERSONAL NAME
Personal name Stuckenschnelder, Dan
Relator term Illustrator
942 ## - ADDED ENTRY ELEMENTS (KOHA)
Source of classification or shelving scheme Dewey Decimal Classification
Koha item type Books
Suppress in OPAC No
Holdings
Withdrawn status Lost status Source of classification or shelving scheme Damaged status Not for loan Collection Home library Current library Shelving location Date acquired Total Checkouts Full call number Barcode Date last seen Price effective from Koha item type
    Dewey Decimal Classification     Non-Fiction Footprints International School Library Network Toul Tom Poung Campus Footprints International School Library Network Toul Tom Poung Campus TTP Secondary Non-Fiction Bookshelves 03/26/2025   TOM 609 T15 .T695 FISSE01208 03/26/2025 03/26/2025 Books